| 000 | 00889cam a22002774a 4500 | ||
|---|---|---|---|
| 001 | 3954 | ||
| 005 | 20251205084821.0 | ||
| 020 | _a1589526716 (hardcover) | ||
| 040 |
_aDLC _cDLC _dDLC _beng |
||
| 050 | 0 | 0 | _aVM150.A73 |
| 082 | 0 | 0 | _a623.8 |
| 100 | 1 |
_aArmentrout, David _d1962- |
|
| 245 | 1 | 0 |
_aShips / _cDavid and Patricia Armentrout. |
| 260 |
_aVero Beach, Florida : _bRourke Publishing LLC ; _c2004 |
||
| 300 |
_a24 pages : _bcolor illustrations ; _c19 cm . |
||
| 490 | _aTransportation | ||
| 505 | 0 | _aK | |
| 520 | _aPhotographs and text provide information about many different types of ships and the work they do. | ||
| 521 |
_a510
_bLexile estimate |
||
| 521 |
_aK
_bRaz-Plus |
||
| 650 | 0 |
_aShips _vJuvenile literature. |
|
| 650 | 1 | _aShips. | |
| 700 | 1 |
_aArmentrout, Patricia _d1960- |
|
| 906 |
_a7 _bcbc _corignew _d1 _eecip _f20 _gy-gencatlg |
||
| 942 |
_2ddc _cBK _n0 |
||
| 999 |
_c3954 _d3954 |
||